00500nam a2200169 a 450000500170000000800410001702000180005805000230007605000220009910000190012124500500014026000470019030000170023744000320025465000230028665000210030920140412111317.0010416s19uu xx 00 eng d a0-395-45990-7 aM 398.2bW112 1967 aM 398.2bW11 1967 aWaber, Bernard aAn anteater named Arthur /cby Bernard Waber. aBoston :bHoughton Mifflin Company,c1967. a48 p. ; ill. aHoughton Mifflin Literature aChildren's stories aAnteater stories